| 000 | 01460nam a2200217Ia 4500 | ||
|---|---|---|---|
| 003 | Ost | ||
| 005 | 20260507075440.0 | ||
| 008 | 260507s9999||||xx |||||||||||||| ||und|| | ||
| 040 | _cfsecg | ||
| 041 | _aara | ||
| 082 | _a350 | ||
| 100 |
_aبن حبتور، عبد العزيز صالح _eمؤلف |
||
| 245 | 0 |
_aالإدارة العامة المقارنة / _c عبد العزيز صالح بن حبتور |
|
| 260 |
_aعمان: _bدار المسيرة, _c2009 |
||
| 300 |
_a431 صفحة؛ _bإيضاحات ؛ _c25 سم |
||
| 504 | _aببليوغرافيا: ص.415-429 | ||
| 520 | _aالادارة العامة، المبادئ والنظريات: التعريف بالادارة العامة ومكانتها، مبادئ الادارة العامة وعلاقتها بالعلوم الاخرى، النظرية الكلاسيكية التقليدية في الادارة العامة، المدرسة السلوكية في الادارة العامة، نظرية اتخاذ القرارات وسايمون، مجالات الادارة العامة: ادارة الافراد، العلاقات العامة، الحكومة المركزية والادارة المحلية، التنمية الادارية، الادارة العامة في عالم متغير، القدرة التنظيمية للادارة العامة في الاسلام | ||
| 653 | _aادارة الأفراد | ||
| 653 | _aالادارة العامة | ||
| 942 | _cكتاب | ||
| 999 |
_c44557 _d44557 |
||